Elizabeth Musodzi and the birth of African Feminism in early colonial Zimbabwe (Record no. 67640)
[ view plain ]
| 000 -LEADER | |
|---|---|
| fixed length control field | 00586nam a2200205Ia 4500 |
| 003 - CONTROL NUMBER IDENTIFIER | |
| control field | 0100 |
| 005 - DATE AND TIME OF LATEST TRANSACTION | |
| control field | 20170126120947.0 |
| 008 - FIXED-LENGTH DATA ELEMENTS--GENERAL INFORMATION | |
| fixed length control field | 130303s9999 xx 000 0 und d |
| 040 ## - CATALOGING SOURCE | |
| Transcribing agency | ARRUPELIB |
| 050 ## - LIBRARY OF CONGRESS CALL NUMBER | |
| Classification number | HQ1801.Z75A94 2008 |
| 300 ## - PHYSICAL DESCRIPTION | |
| Other physical details | 32p. 25cm. |
| 100 ## - MAIN ENTRY--PERSONAL NAME | |
| Personal name | Yoshikuni, Tsuneo |
| 9 (RLIN) | 27953 |
| 245 ## - TITLE STATEMENT | |
| Title | Elizabeth Musodzi and the birth of African Feminism in early colonial Zimbabwe |
| 260 ## - PUBLICATION, DISTRIBUTION, ETC. (IMPRINT) | |
| Place of publication, distribution, etc | Harare |
| 260 ## - PUBLICATION, DISTRIBUTION, ETC. (IMPRINT) | |
| Name of publisher, distributor, etc | Weaver Press |
| 300 ## - PHYSICAL DESCRIPTION | |
| Extent | xii |
| 600 ## - SUBJECT ADDED ENTRY--PERSONAL NAME | |
| Personal name | Musodzi, Elizabeth |
| 9 (RLIN) | 28484 |
| 650 ## - SUBJECT ADDED ENTRY--TOPICAL TERM | |
| Topical term following geographic name as entry element | Women's rights |
| General subdivision | History |
| Geographic subdivision | Zimbabwe |
| 9 (RLIN) | 28485 |
| 942 ## - ADDED ENTRY ELEMENTS (KOHA) | |
| Source of classification or shelving scheme | Library of Congress Classification |
| Koha issues (borrowed), all copies | 4 |
| Koha item type | Monograph ( Printed materials) |
| Withdrawn status | Lost status | Source of classification or shelving scheme | Damaged status | Not for loan | Collection code | Home library | Current library | Shelving location | Date acquired | Total Checkouts | Full call number | Barcode | Date last seen | Date checked out | Copy number | Price effective from | Koha item type |
|---|---|---|---|---|---|---|---|---|---|---|---|---|---|---|---|---|---|
| Library of Congress Classification | Main Collection | ARRUPE LIBRARY | ARRUPE LIBRARY | 05/03/2013 | 6 | HQ1801.Z75A94 2008 | 46400066 | 12/01/2022 | 01/12/2021 | 1 | 05/03/2013 | Monograph ( Printed materials) | |||||
| Library of Congress Classification | SPECIAL Collection | ARRUPE LIBRARY | ARRUPE LIBRARY | Reference | 26/01/2017 | SPC HQ1801.Z75A94 2008 | 46500023312 | 08/05/2017 | 26/01/2017 | SPC |